[Event "Open Semana Santa 2023"]
[Site "?"]
[Date "2023.04.07"]
[Round "5.62"]
[White "Justiniano Marquez, Marco Antoni"]
[Black "FM Diaz Velandia, Jose Manuel"]
[Result "0-1"]
[WhiteElo "2068"]
[BlackElo "2318"]
[Annotator "Usuario"]
[PlyCount "82"]
[EventDate "2023.??.??"]

1. Nf3 a6 2. d4 b5 3. e4 Bb7 4. Bd3 e6 5. O-O c5 6. c3 Nf6 7. Re1 d5 8. e5 Nfd7
9. Ng5 g6 10. Qf3 Qe7 11. a4 b4 12. Be3 Nc6 13. Nd2 cxd4 14. cxd4 Nxd4 15. Bxd4
Qxg5 16. Nc4 dxc4 17. Qxb7 Rb8 18. Qxa6 cxd3 19. Rec1 d2 20. Rc8+ Rxc8 21.
Qxc8+ Qd8 22. Qxd8+ Kxd8 23. Rd1 Bc5 24. Rxd2 Bxd4 25. Rxd4 Kc7 26. Rc4+ Kb6
27. Rxb4+ Kc6 28. f4 Nc5 29. a5 Rc8 30. Rb6+ Kc7 31. b4 Na4 32. Rd6 Rd8 33. Ra6
Kb7 34. b5 Rd5 35. Rd6 Rxd6 36. exd6 Kc8 37. b6 Nc5 38. Kf2 Kd7 39. b7 Na6 40.
Ke3 Kxd6 41. Kd4 f6 0-1

[Event "Open Semana Santa 2023"]
[Site "?"]
[Date "2023.04.07"]
[Round "5.63"]
[White "FM Cesar Maestre, Bernardo"]
[Black "Exposito Milan, Adrian"]
[Result "1-0"]
[WhiteElo "2317"]
[BlackElo "2053"]
[PlyCount "93"]

1. e4 c5 2. Nf3 d6 3. d4 Nf6 4. Nc3 cxd4 5. Nxd4 g6 6. Be3 Bg7 7. f3 O-O 8. Qd2
Nc6 9. O-O-O d5 10. exd5 Nxd5 11. Nxc6 bxc6 12. Bd4 e5 13. Bc5 Be6 14. Ne4 Re8
15. h4 h6 16. h5 g5 17. c4 Nb6 18. Qc2 Nd7 19. Ba3 Qc7 20. Bd3 Bf8 21. Bxf8
Rxf8 22. Ng3 Nc5 23. Nf5 Bxf5 24. Bxf5 Qe7 25. Rhe1 Rad8 26. Qc3 Rxd1+ 27. Rxd1
Rd8 28. Rxd8+ Qxd8 29. b4 Qf6 30. g4 Ne6 31. Bxe6 Qxe6 32. Qd3 Kg7 33. Kc2 Qe7
34. a3 Qc7 35. Kb3 a5 36. b5 cxb5 37. cxb5 Qc5 38. Ka4 Qc7 39. Qe3 Kf6 40. b6
Qc4+ 41. Kxa5 Qd5+ 42. Kb4 Qd6+ 43. Qc5 Qd2+ 44. Kb5 Qd3+ 45. Kc6 Ke6 46. b7
Qd8 47. Kb5 1-0

[Event "Open Semana Santa 2023"]
[Site "?"]
[Date "2023.04.07"]
[Round "5.64"]
[White "Martinez Ramos, Paula"]
[Black "FM Sinz, Bernhard"]
[Result "0-1"]
[WhiteElo "2042"]
[BlackElo "2313"]
[PlyCount "80"]

1. Nf3 f5 2. d4 Nf6 3. g3 e6 4. Bg2 d5 5. O-O Bd6 6. c4 c6 7. b3 Qe7 8. Bb2 O-O
9. Nbd2 a5 10. Ne5 a4 11. Ndf3 Nbd7 12. Nd3 Ne4 13. Qc2 b6 14. Nfe5 Bb7 15.
Rac1 axb3 16. axb3 Rfc8 17. e3 c5 18. Rfd1 Ndf6 19. Qe2 Qe8 20. Ra1 Bf8 21.
Rdc1 Ba6 22. dxc5 bxc5 23. Qc2 Bb7 24. Qd1 Rd8 25. Rxa8 Bxa8 26. Qc2 Bd6 27.
Nf3 Qh5 28. Nfe5 dxc4 29. bxc4 Bxe5 30. Bxe5 Ng5 31. Bxf6 Nf3+ 32. Bxf3 Qxf3
33. Kf1 gxf6 34. Ne1 Qh1+ 35. Ke2 Qxh2 36. Nd3 Qh5+ 37. Ke1 Be4 38. Rd1 Qh1+
39. Kd2 Rxd3+ 40. Qxd3 Qxd1+ 0-1

[Event "Open Semana Santa 2023"]
[Site "?"]
[Date "2023.04.07"]
[Round "5.65"]
[White "Fuentes Guinot, Alejandro"]
[Black "FM Luque Saiz, Andres"]
[Result "0-1"]
[WhiteElo "2027"]
[BlackElo "2309"]
[PlyCount "180"]
[EventDate "2023.??.??"]

1. d4 e6 2. Nf3 f5 3. g3 b6 4. Bg2 Bb7 5. O-O Nf6 6. c4 Be7 7. Nc3 O-O 8. Re1
Bb4 9. Qc2 Qe7 10. a3 Bxc3 11. Qxc3 c5 12. dxc5 Ne4 13. Qc2 Nxc5 14. Bg5 Qe8
15. Bf4 Nc6 16. Bd6 Rf6 17. Bxc5 bxc5 18. Qc3 Rb8 19. b4 cxb4 20. axb4 Nxb4 21.
Rxa7 Nc6 22. Ra3 Qe7 23. Rb3 Rff8 24. Reb1 Ba8 25. Nd4 Rxb3 26. Rxb3 Qc5 27.
Nxc6 Bxc6 28. Bxc6 Qxc6 29. Qd3 Rc8 30. Rb1 Rc7 31. Rd1 h6 32. Qd4 Qa4 33. Qd3
Kf7 34. Qd4 Qa6 35. h3 Qa4 36. Kh2 Kg8 37. Kg1 Kf8 38. e3 Kg8 39. Qd3 Qc6 40.
Qd4 Kf7 41. h4 Kg6 42. Qd3 Kf6 43. Qd4+ Kf7 44. Qd3 Qc5 45. Kh2 Ke7 46. Qc3 Kf7
47. Qd3 Qe5 48. Kg1 Qc5 49. Kh2 g5 50. hxg5 hxg5 51. Qe2 Kg6 52. Qd3 g4 53. Kg1
Qc6 54. Qd4 Qa4 55. e4 Qc2 56. exf5+ Qxf5 57. Qd3 Qxd3 58. Rxd3 Kf5 59. Kf1 e5
60. Ke2 Ke6 61. Rc3 e4 62. Kd2 Ke5 63. Ra3 Rxc4 64. Ra5+ d5 65. Ke3 Rc3+ 66.
Ke2 Rc2+ 67. Ke3 Rb2 68. Rc5 Rb3+ 69. Ke2 Kd4 70. Rc2 e3 71. fxe3+ Rxe3+ 72.
Kf2 Rf3+ 73. Kg2 Rc3 74. Rf2 Ke3 75. Rf8 Rc2+ 76. Kf1 d4 77. Re8+ Kf3 78. Ke1
Kxg3 79. Rd8 Rc4 80. Ke2 Kg2 81. Rg8 g3 82. Rg7 Rc3 83. Rg4 d3+ 84. Kd2 Ra3 85.
Rg8 Kf2 86. Rf8+ Kg1 87. Ke3 g2 88. Rh8 Ra2 89. Kxd3 Kf1 90. Rf8+ Rf2 0-1

[Event "Open Semana Santa 2023"]
[Site "?"]
[Date "2023.04.07"]
[Round "5.66"]
[White "Cuadrado Carmona, Javier"]
[Black "Sismeiro, Miguel"]
[Result "0-1"]
[WhiteElo "2023"]
[BlackElo "2301"]
[PlyCount "112"]

1. e4 c5 2. c3 Nf6 3. e5 Nd5 4. d4 cxd4 5. cxd4 e6 6. Nf3 d6 7. exd6 Bxd6 8. a3
O-O 9. Bd3 b6 10. O-O Bb7 11. Re1 Nd7 12. Bc2 Rc8 13. Qd3 N7f6 14. Nc3 Qc7 15.
Bd2 Qc4 16. Qxc4 Rxc4 17. Bd3 Rcc8 18. Ne5 Rfd8 19. Ne4 Bb8 20. Ng5 Rf8 21.
Rac1 Bc7 22. h3 h6 23. Ne4 Rfd8 24. Bb1 a6 25. b4 Nd7 26. Nc6 Bxc6 27. Rxc6
Bh2+ 28. Kxh2 Rxc6 29. Bd3 f5 30. Ng3 b5 31. a4 Nc3 32. axb5 Nxb5 33. d5 Rd6
34. Rxe6 Nb6 35. Bxb5 axb5 36. Be3 Nxd5 37. Rxd6 Rxd6 38. Nxf5 Rd7 39. Bc5 Nc7
40. Nd6 Kh7 41. Kg3 Kg6 42. Kf4 Kf6 43. Ke4 Re7+ 44. Kd4 Re1 45. Ne4+ Ke6 46.
Nc3 Kd7 47. Bb6 Ne6+ 48. Kd3 Kc6 49. Be3 g5 50. Ke4 Nf4 51. g3 Nxh3 52. Kf5 Rf1
53. Ne4 Kd5 54. Kg4 Kxe4 55. Kxh3 Kf3 56. Bc5 Rh1# 0-1

[Event "Open Semana Santa 2023"]
[Site "?"]
[Date "2023.04.07"]
[Round "5.67"]
[White "Martinez Soriano, Javier"]
[Black "IM Garcia Martin, Marta"]
[Result "0-1"]
[WhiteElo "2006"]
[BlackElo "2291"]
[PlyCount "72"]

1. e4 c6 2. d4 d5 3. Nc3 dxe4 4. Nxe4 Nf6 5. Nxf6+ exf6 6. c3 Bd6 7. Bd3 O-O 8.
Ne2 Re8 9. Qc2 h5 10. Be3 Na6 11. O-O-O Be6 12. Kb1 Nc7 13. Rde1 Nd5 14. Bd2 h4
15. g3 b5 16. gxh4 Rb8 17. h5 Kh8 18. Ng3 b4 19. c4 Nc3+ 20. Ka1 Nxa2 21. Qb3
Nc3 22. Bb1 Qa5+ 23. Ba2 Nxa2 24. Qxa2 Qxa2+ 25. Kxa2 b3+ 26. Kb1 Bxc4 27. Kc1
Be6 28. h6 g6 29. f4 f5 30. h4 a5 31. h5 Kh7 32. hxg6+ fxg6 33. Ne2 a4 34. Rh3
a3 35. bxa3 b2+ 36. Kc2 Ba2 0-1

[Event "Open Semana Santa 2023"]
[Site "?"]
[Date "2023.04.07"]
[Round "5.68"]
[White "Vinuesa Sorli, Ruben"]
[Black "FM Castellanos Gomez, Alejandro"]
[Result "1-0"]
[WhiteElo "2003"]
[BlackElo "2277"]
[PlyCount "47"]

1. e4 e6 2. d4 d5 3. Bd3 c5 4. exd5 exd5 5. Nf3 Nf6 6. O-O c4 7. Be2 Be7 8. b3
cxb3 9. axb3 O-O 10. c4 Nc6 11. Nc3 Bg4 12. Bg5 Be6 13. Ne5 h6 14. Bf4 Bb4 15.
Nb5 Ba5 16. c5 g5 17. Bg3 Ne4 18. Bd3 Nxg3 19. fxg3 a6 20. Qh5 Kg7 21. Nd6 Nxe5
22. dxe5 Bd2 23. Rf6 g4 24. Rg6+ 1-0

[Event "Open Semana Santa 2023"]
[Site "?"]
[Date "2023.04.07"]
[Round "5.69"]
[White "CM Ilinca Ilinca, Felix Antonio"]
[Black "Arroyo Rodriguez, Jesus"]
[Result "1-0"]
[WhiteElo "2266"]
[BlackElo "2048"]
[PlyCount "73"]

1. c4 Nf6 2. Nc3 d6 3. d4 e5 4. Nf3 e4 5. Ng5 Qe7 6. Qc2 Bf5 7. f3 Nc6 8. fxe4
Bg6 9. d5 Ne5 10. g3 O-O-O 11. Bg2 Kb8 12. b3 h6 13. Nf3 Nfd7 14. O-O Bh7 15.
Nd4 g5 16. h3 Bg7 17. Be3 g4 18. h4 Rhf8 19. Nf5 Bxf5 20. Rxf5 Rde8 21. Rb1 Qd8
22. Nb5 a6 23. Nd4 Ng6 24. b4 Ne7 25. Rff1 Bxd4 26. Bxd4 Ne5 27. b5 Nc8 28.
bxa6 b6 29. c5 dxc5 30. Bxc5 Rg8 31. a4 Rg6 32. Bd4 Qd7 33. Qc3 f6 34. a5 Ka7
35. axb6+ Nxb6 36. h5 Rg5 37. Rxf6 1-0

[Event "Open Semana Santa 2023"]
[Site "?"]
[Date "2023.04.07"]
[Round "5.70"]
[White "FM Villuendas Valero, Adrian"]
[Black "Cebrian Flores, Juan Antonio"]
[Result "1/2-1/2"]
[WhiteElo "2262"]
[BlackElo "2045"]
[Annotator "Usuario"]
[PlyCount "50"]

1. d4 Nf6 2. Bg5 d5 3. Bxf6 gxf6 4. c4 dxc4 5. e3 e6 6. Bxc4 h5 7. Nc3 f5 8.
Nge2 h4 9. Nf4 Bd6 10. Qf3 c6 11. O-O-O Nd7 12. e4 Qg5 13. g3 Nb6 14. Bb3 Bd7
15. e5 Bb4 16. Kb1 O-O-O 17. a3 Be7 18. Nce2 Kb8 19. Rc1 Rc8 20. Nd3 c5 21.
Ndf4 c4 22. Ba2 Bc6 23. d5 Nxd5 24. Nd4 Nb6 25. Nxc6+ Rxc6 $11 1/2-1/2

[Event "Open Semana Santa 2023"]
[Site "?"]
[Date "2023.04.07"]
[Round "5.71"]
[White "Villar Piriz, Adrian"]
[Black "FM Garcia Molina, Jose"]
[Result "1-0"]
[WhiteElo "1992"]
[BlackElo "2251"]
[PlyCount "81"]

1. Nc3 c5 2. e4 a6 3. g3 b5 4. Bg2 Bb7 5. d3 e6 6. f4 Qc7 7. Nf3 Nf6 8. O-O Nc6
9. e5 Ng8 10. a4 b4 11. Ne4 f5 12. exf6 Nxf6 13. Nfg5 Nxe4 14. Bxe4 g6 15. f5
exf5 16. Bxf5 O-O-O 17. Be4 Ne5 18. Bf4 Bxe4 19. dxe4 Bd6 20. Qd5 Qb8 21. Rad1
Bc7 22. Bxe5 Bxe5 23. Nf7 Rhe8 24. Nxd8 Rxd8 25. Qxc5+ Qc7 26. Qxc7+ Kxc7 27.
b3 Kc6 28. Rf7 h5 29. Rd5 d6 30. Ra7 Kb6 31. Re7 Rc8 32. a5+ Kc6 33. Ra7 h4 34.
Rxa6+ Kb7 35. Rb6+ Ka7 36. Rd2 hxg3 37. hxg3 Rc5 38. Re2 Rc3 39. Rxb4 Rxg3+ 40.
Rg2 Rc3 41. Rc4 1-0

[Event "Open Semana Santa 2023"]
[Site "?"]
[Date "2023.04.07"]
[Round "5.72"]
[White "Hammari, Vinjar"]
[Black "FM Milat, Marcel"]
[Result "0-1"]
[WhiteElo "1989"]
[BlackElo "2237"]
[Annotator "Usuario"]
[PlyCount "94"]

1. d4 Nf6 2. c4 c5 3. d5 b5 4. Qc2 g6 5. e4 d6 6. cxb5 Bg7 7. Nc3 O-O 8. Bc4 a6
9. Nf3 axb5 10. Bxb5 Ba6 11. O-O Nbd7 12. Bxa6 Rxa6 13. a4 Ne8 14. Ra3 Nc7 15.
b3 Qb8 16. Bb2 Qb7 17. Nd1 Rb8 18. Ne3 Qb4 19. Nd2 Bxb2 20. Qxb2 Rxa4 21. Rxa4
Qxa4 22. Ng4 f6 23. Qxf6 exf6 24. bxa4 Rb4 25. Ra1 Rd4 26. Ra2 Na6 27. Ne3 Nb4
28. Rb2 Nb6 29. Nef1 $11 Nxa4 30. Rb3 f5 31. f3 Kg7 32. Kf2 Nd3+ 33. Ke3 f4+
34. Ke2 Nc1+ 35. Kf2 Nxb3 36. Nxb3 Rb4 37. Nfd2 Kf6 38. g3 g5 39. h4 fxg3+ 40.
Kxg3 gxh4+ 41. Kxh4 c4 42. Nd4 c3 43. N2b3 Nc5 44. Nxc5 dxc5 45. Ne2 c2 46. d6
Ke6 47. Kg5 Rb1 0-1

[Event "Open Semana Santa 2023"]
[Site "?"]
[Date "2023.04.07"]
[Round "5.73"]
[White "WFM Prado Acebo, Ines"]
[Black "Houhou, Alexandre"]
[Result "1/2-1/2"]
[WhiteElo "2226"]
[BlackElo "2038"]
[PlyCount "100"]

1. d4 d5 2. c4 c6 3. Nf3 Nf6 4. e3 Bg4 5. Nc3 e6 6. h3 Bh5 7. g4 Bg6 8. Ne5
Nbd7 9. h4 dxc4 10. Nxg6 hxg6 11. Bxc4 Bb4 12. Qf3 Nb6 13. Bb3 Nfd5 14. Bd2
Rxh4 15. Rxh4 Qxh4 16. O-O-O Qf6 17. Qg3 O-O-O 18. Rh1 Nxc3 19. bxc3 Ba3+ 20.
Kb1 a5 21. e4 a4 22. Bc2 Nc4 23. Bf4 b5 24. e5 Qe7 25. Qf3 Kc7 26. Bd3 Nb6 27.
Kc2 b4 28. Bd2 Nd5 29. Rh7 bxc3 30. Rxg7 Rf8 31. Bxc3 Nxc3 32. Kxc3 Qb4+ 33.
Kc2 Qb2+ 34. Kd1 Qxd4 35. Rxf7+ Rxf7 36. Qxf7+ Kb6 37. Qxg6 Qxe5 38. Qe4 Qxe4
39. Bxe4 Kb5 40. Kc2 Be7 41. f4 Kc5 42. Kd3 Bf6 43. Bg6 Kd5 44. Bf7 Kd6 45. Kc4
a3 46. Bg6 e5 47. fxe5+ Bxe5 48. Be4 Bf4 49. Kb4 Bc1 50. Kc4 c5 1/2-1/2

[Event "Open Semana Santa 2023"]
[Site "?"]
[Date "2023.04.07"]
[Round "5.74"]
[White "FM Martin Barcelo, Carles"]
[Black "Lobo Pereira, Arami"]
[Result "1-0"]
[WhiteElo "2222"]
[BlackElo "1961"]
[PlyCount "61"]

1. e4 c5 2. Nf3 Nc6 3. Bb5 e6 4. O-O Nge7 5. Re1 b6 6. c3 a6 7. Bf1 d5 8. exd5
Nxd5 9. g3 Bb7 10. Bg2 Be7 11. d4 cxd4 12. Nxd4 O-O 13. Nxc6 Bxc6 14. Nd2 Rc8
15. Qe2 b5 16. Ne4 Qb6 17. Bg5 Bxg5 18. Nxg5 Nf6 19. Ne4 Nxe4 20. Bxe4 Bxe4 21.
Qxe4 Rc4 22. Qe2 Rd8 23. Red1 Rc6 24. Rxd8+ Qxd8 25. a4 bxa4 26. Rxa4 Qc8 27.
Rd4 g6 28. Qd3 Qc7 29. Rd8+ Kg7 30. Rd7 Qe5 31. Qf3 1-0

[Event "Open Semana Santa 2023"]
[Site "?"]
[Date "2023.04.07"]
[Round "5.75"]
[White "CM Ribera Veganzones, Josep Maria"]
[Black "Hurtado Rueda, Manuel"]
[Result "1-0"]
[WhiteElo "2221"]
[BlackElo "1951"]
[PlyCount "119"]

1. e4 e6 2. d4 d5 3. Nc3 Bb4 4. e5 c5 5. a3 cxd4 6. Qxd4 Nc6 7. Bb5 Bxc3+ 8.
Qxc3 Bd7 9. Bxc6 Bxc6 10. Qg3 g6 11. Nf3 Qc7 12. Be3 Ne7 13. Nd4 b6 14. Bg5 Ng8
15. Qf4 Bd7 16. O-O h6 17. Bf6 Nxf6 18. Qxf6 O-O 19. Rad1 Rac8 20. g4 Qd8 21.
Qf4 Qg5 22. Qg3 f5 23. gxf5 gxf5 24. f4 Qxg3+ 25. hxg3 Kf7 26. Kf2 Rg8 27. Rh1
Rg6 28. Rh3 a5 29. Rdh1 Kg7 30. Kf3 b5 31. R3h2 Rc4 32. Rd2 Kh7 33. Kf2 Rc8 34.
Nb3 Ra8 35. Nc5 Bc8 36. Rdd1 Rg7 37. Ra1 Rc7 38. b4 Kg7 39. Ke3 Kg6 40. Kd3
axb4 41. axb4 Rca7 42. Rxa7 Rxa7 43. Kd4 Ra2 44. Rh2 Ra7 45. Nb3 Rc7 46. Na5
Kg7 47. c3 Kh7 48. Nb3 Ra7 49. Kc5 Rc7+ 50. Kxb5 Rxc3 51. Nc5 Rxg3 52. Kc6 Rf3
53. Kc7 Rxf4 54. Rb2 Rc4 55. Kxc8 d4 56. Kd7 d3 57. Kxe6 Kg6 58. Nxd3 f4 59.
Kd5 Rc8 60. Nxf4+ 1-0

[Event "Open Semana Santa 2023"]
[Site "?"]
[Date "2023.04.07"]
[Round "5.76"]
[White "Perea Fruet, Lorenzo"]
[Black "Lozano Freras, Sergio"]
[Result "1-0"]
[WhiteElo "2217"]
[BlackElo "1960"]
[PlyCount "113"]

1. e4 d6 2. d4 Nf6 3. Nc3 e5 4. Nf3 Nbd7 5. Bc4 Be7 6. O-O O-O 7. h3 c6 8. a4
h6 9. Re1 Re8 10. Be3 exd4 11. Nxd4 Bf8 12. f3 d5 13. exd5 Nb6 14. Ba2 Nbxd5
15. Nxd5 Nxd5 16. Bf2 Rxe1+ 17. Qxe1 Nf4 18. Ne2 Nxe2+ 19. Qxe2 Bf5 20. g4 Bd7
21. Rd1 Qc7 22. Qe3 Be8 23. c3 Be7 24. Bb1 g6 25. Ba2 Kh7 26. Qe4 Bf6 27. Kg2
Kg7 28. h4 Qe7 29. Qxe7 Bxe7 30. f4 Rd8 31. Re1 Kf8 32. Re2 c5 33. Bb3 Bc6+ 34.
Kg3 Rd3+ 35. Be3 b6 36. Bc2 Rd8 37. g5 h5 38. f5 gxf5 39. b3 Be4 40. Bxe4 fxe4
41. Kf4 Rd3 42. Rc2 Rd1 43. Kxe4 Rh1 44. Bf2 Rb1 45. b4 cxb4 46. cxb4 Rxb4+ 47.
Kf5 Rxa4 48. Rc8+ Kg7 49. Bg3 Ra5+ 50. Be5+ Rxe5+ 51. Kxe5 a5 52. Rc7 Bc5 53.
Kf5 Bf2 54. g6 Bxh4 55. gxf7 Bf2 56. Ke6 Bh4 57. Rc8 1-0

[Event "Open Semana Santa 2023"]
[Site "?"]
[Date "2023.05.07"]
[Round "5.77"]
[White "FM Garcia Gimenez, Santiago"]
[Black "Fuentes Guinot, Angel"]
[Result "0-1"]
[WhiteElo "2210"]
[BlackElo "1941"]
[PlyCount "118"]

1. d4 Nf6 2. Nf3 b6 3. c4 Bb7 4. e3 g6 5. Be2 Bg7 6. O-O O-O 7. Nc3 d5 8. b3
dxc4 9. bxc4 c5 10. Bb2 cxd4 11. exd4 Nc6 12. a4 Rc8 13. Nb5 a6 14. Na3 Na5 15.
Qd3 Qc7 16. h3 Rfd8 17. Qe3 Ne4 18. Rac1 Nd6 19. g4 Ne4 20. Rfe1 Qd7 21. Bd3
Nc5 22. dxc5 Bxb2 23. Rcd1 Qc6 24. Be2 bxc5 25. Nc2 Bg7 26. Rxd8+ Rxd8 27. Rb1
Qe4 28. Rc1 Bb2 29. Rd1 Rxd1+ 30. Bxd1 Qxe3 31. Nxe3 Be4 32. Nd2 Bd3 33. Nb3
Nxb3 34. Bxb3 e6 35. Bc2 Be2 36. Kg2 Bd4 37. Bb3 Bxe3 38. fxe3 g5 39. Kf2 Bd3
40. a5 Kg7 41. Kg3 Kf6 42. h4 h6 43. hxg5+ hxg5 44. Kf3 Ke5 45. Kg3 Be2 46. Kf2
Bd3 47. Kf3 f5 48. gxf5 exf5 49. Kg3 Ke4 50. Kf2 g4 51. Ba4 Bxc4 52. Bd7 Bd3
53. Bc6+ Ke5 54. Bb7 Bb5 55. Ke1 f4 56. exf4+ Kxf4 57. Kd2 Kg3 58. Ke3 Kh2 59.
Kf4 g3 0-1

[Event "Open Semana Santa 2023"]
[Site "?"]
[Date "2023.04.07"]
[Round "5.78"]
[White "Roquero Redondo, Miguel"]
[Black "CM Molina Carretero, Daniel"]
[Result "0-1"]
[WhiteElo "1924"]
[BlackElo "2209"]
[PlyCount "54"]

1. e4 c5 2. Nf3 d6 3. d4 cxd4 4. Nxd4 Nf6 5. Nc3 g6 6. Be3 Bg7 7. f3 Nc6 8. Qd2
O-O 9. O-O-O d5 10. Nxc6 bxc6 11. exd5 cxd5 12. Nxd5 Nxd5 13. Qxd5 Qc7 14. Qc5
Qb7 15. Qa3 Bf5 16. Bd3 Rab8 17. b3 Qc6 18. Bxf5 Qc3 19. Bd3 Rfd8 20. Qc5 Qb2+
21. Kd2 Rbc8 22. Rb1 Qxa2 23. Ra1 Bxa1 24. Rxa1 Qxa1 25. Qxa7 Qc3+ 26. Ke2 Ra8
27. Qxe7 Rxd3 0-1

[Event "Open Semana Santa 2023"]
[Site "?"]
[Date "2023.04.07"]
[Round "5.79"]
[White "Revaliente Montoya, Ciro"]
[Black "Candela Martin, Alvaro"]
[Result "1-0"]
[WhiteElo "2203"]
[BlackElo "1917"]
[PlyCount "97"]

1. e4 e5 2. Nf3 Nc6 3. Nc3 Nf6 4. h3 Bb4 5. Nd5 Ba5 6. c3 d6 7. d3 Nxd5 8. exd5
Ne7 9. b4 Bb6 10. c4 a5 11. b5 Nf5 12. Bb2 O-O 13. Be2 Qf6 14. O-O Ng3 15. d4
Nxf1 16. dxe5 Ne3 17. exf6 Nxd1 18. Rxd1 g6 19. Bd3 Re8 20. g4 Bc5 21. Kg2 Bd7
22. Kg3 c6 23. h4 cxb5 24. cxb5 a4 25. a3 Ra5 26. Bc3 Raa8 27. Rh1 h5 28. gxh5
gxh5 29. Ng5 Bg4 30. Ne4 Rac8 31. Bb2 Bxa3 32. Bxa3 Rxe4 33. Bxe4 Rc3+ 34. f3
Rxa3 35. Kf4 Bd7 36. Rg1+ Kh8 37. Rc1 Kg8 38. Rc7 Be8 39. Rxb7 Rb3 40. Rb8 Kf8
41. b6 Rb4 42. Kg3 a3 43. Bf5 Rb2 44. Bd7 Re2 45. Bxe8 Rxe8 46. Rxe8+ Kxe8 47.
b7 a2 48. b8=Q+ Kd7 49. Qa7+ 1-0

[Event "Open Semana Santa 2023"]
[Site "?"]
[Date "2023.04.07"]
[Round "5.80"]
[White "Arce Gonzalez, Dario"]
[Black "Mompel Ferruz, Xavier"]
[Result "1/2-1/2"]
[WhiteElo "1908"]
[BlackElo "2195"]
[PlyCount "123"]

1. e4 c5 2. Nf3 e6 3. d4 cxd4 4. Nxd4 Nc6 5. Nc3 Qc7 6. Be2 Nf6 7. O-O a6 8.
Be3 Be7 9. f4 d6 10. a4 O-O 11. Kh1 Bd7 12. Nb3 b6 13. Bf3 Rab8 14. g4 h6 15.
h4 Nh7 16. g5 hxg5 17. hxg5 e5 18. Bg2 exf4 19. Bxf4 Ne5 20. Nd5 Qd8 21. Nxe7+
Qxe7 22. Qh5 Ng6 23. Bd2 Qe5 24. Rf3 Nf6 25. Qh2 Qxh2+ 26. Kxh2 Nxe4 27. Rd3
Rfe8 28. Bxe4 Rxe4 29. Rxd6 Bxa4 30. Nd4 Bb5 31. Kg3 Ne5 32. Nxb5 axb5 33. Bf4
Rc8 34. Rxb6 Rxc2 35. Rxb5 Nd3 36. Rh1 Re8 37. Rb8 Rxb8 38. Bxb8 Rxb2 39. Bf4
Rb3 40. Rf1 Ne5+ 41. Kg2 Ng6 42. Bc1 Rc3 43. Bd2 Nh4+ 44. Kf2 Rf3+ 45. Ke2 Rxf1
46. Kxf1 Kh7 47. Kf2 Kg6 48. Kg3 Kh5 49. Bc1 Nf5+ 50. Kf4 Ne7 51. Bd2 Nc6 52.
Bc3 g6 53. Bd2 Nd4 54. Be3 Nf5 55. Bc1 Ng7 56. Ke5 Ne8 57. Kf4 f6 58. gxf6 Nxf6
59. Ke5 Ng4+ 60. Kf4 Nf2 61. Kg3 Nd3 62. Be3 1/2-1/2

[Event "Open Semana Santa 2023"]
[Site "?"]
[Date "2023.04.07"]
[Round "5.81"]
[White "Hercegovac, Neven"]
[Black "Robledo Sanchez, Saul"]
[Result "1-0"]
[WhiteElo "2153"]
[BlackElo "1931"]
[PlyCount "97"]

1. e4 c5 2. Nf3 e6 3. Nc3 Nc6 4. d4 cxd4 5. Nxd4 Qc7 6. g3 a6 7. Bg2 Nf6 8. O-O
Be7 9. Re1 d6 10. Nxc6 bxc6 11. e5 dxe5 12. Rxe5 O-O 13. Re1 Rd8 14. Qf3 Bb7
15. Bf4 Bd6 16. Bg5 Be7 17. Rad1 Rxd1 18. Rxd1 Rd8 19. Rxd8+ Qxd8 20. Ne4 Nxe4
21. Bxe7 Qxe7 22. Qxe4 g6 23. Qe5 Qb4 24. b3 Qb6 25. h4 h5 26. Qd6 Kg7 27. Bf3
Qb5 28. Qd4+ Kg8 29. a4 Qa5 30. Qd7 Qb6 31. a5 Qb5 32. Qd6 Kg7 33. b4 c5 34.
Qe5+ Kh7 35. Bxb7 Qxb7 36. Qxc5 Qe4 37. c4 Qe1+ 38. Kg2 Qe4+ 39. Kh2 e5 40. b5
g5 41. hxg5 h4 42. g6+ Kg7 43. Qe3 hxg3+ 44. Qxg3 Qxc4 45. Qxe5+ Kxg6 46. b6
Qc6 47. Qg3+ Kh7 48. Qh3+ Kg7 49. Qg2+ 1-0

[Event "Open Semana Santa 2023"]
[Site "?"]
[Date "2023.04.07"]
[Round "5.82"]
[White "Lopez De Turiso Sanchez, Jose An"]
[Black "Serrano Almendros, Alejandro"]
[Result "1/2-1/2"]
[WhiteElo "1904"]
[BlackElo "2151"]
[PlyCount "79"]

1. Nc3 d5 2. e4 d4 3. Nce2 e5 4. Ng3 Be6 5. Bb5+ c6 6. Ba4 f6 7. Bb3 Bxb3 8.
axb3 d3 9. cxd3 Qxd3 10. Qf3 Qxf3 11. Nxf3 Na6 12. d4 Nb4 13. Ke2 Nc2 14. Ra4
exd4 15. Rc4 O-O-O 16. Rd1 Nb4 17. Rcxd4 Re8 18. Kf1 Na6 19. Ra4 Bc5 20. Nf5 g6
21. Nd6+ Bxd6 22. Rxd6 Rd8 23. Rxd8+ Kxd8 24. Be3 c5 25. Ne1 Kc7 26. Nd3 Kc6
27. Ra5 Kb6 28. b4 Nxb4 29. Rxc5 Nxd3 30. Rc3+ Ka6 31. Rxd3 Ne7 32. Ra3+ Kb5
33. Rxa7 Kc6 34. Ra3 f5 35. Rc3+ Kd7 36. Rb3 Kc6 37. Rc3+ Kd7 38. Rb3 Kc8 39.
Rc3+ Kd7 40. Rb3 1/2-1/2

[Event "Open Semana Santa 2023"]
[Site "?"]
[Date "2023.04.07"]
[Round "5.83"]
[White "Nunez Miranda, Adrian"]
[Black "Palomo Monserrat, Lorenzo"]
[Result "1/2-1/2"]
[WhiteElo "2142"]
[BlackElo "1890"]
[Annotator "Usuario"]
[PlyCount "65"]

1. e4 c5 2. Nf3 d6 3. Bb5+ Nd7 4. Ba4 Ngf6 5. O-O g6 6. c4 Bg7 7. Nc3 O-O 8. h3
Ne5 9. Nxe5 dxe5 10. d3 Qd6 11. Be3 Rd8 12. Nb5 Qxd3 13. Qxd3 Rxd3 14. Bc2 Rd7
15. Bxc5 a6 16. Na3 Rc7 17. b4 Be6 18. Rfd1 Bh6 19. Bd3 Kf8 20. Bb6 Rc6 21. c5
Nd7 22. Ba5 b6 23. cxb6 Nxb6 24. Bxb6 Rxb6 25. Nc2 Rc8 26. Kf1 Rbc6 27. Ne1 Rb8
28. a3 Bb3 29. Rdb1 Ba4 30. Ke2 e6 31. Ra2 Ke7 32. Bc2 Bb5+ 33. Bd3 $11 1/2-1/2

[Event "Open Semana Santa 2023"]
[Site "?"]
[Date "2023.04.07"]
[Round "5.84"]
[White "Kyriakidis, Orestis"]
[Black "Jordan Martinez, David"]
[Result "0-1"]
[WhiteElo "1727"]
[BlackElo "2137"]
[PlyCount "92"]

1. d4 g6 2. Nf3 Bg7 3. g3 d6 4. Bg2 e5 5. dxe5 dxe5 6. Qxd8+ Kxd8 7. e4 f6 8.
b3 Be6 9. Bb2 Nd7 10. Nc3 c6 11. O-O-O Bf8 12. Ne1 Bc5 13. Nd3 Bd4 14. Na4
Bxb2+ 15. Kxb2 b6 16. Rd2 Kc7 17. Rhd1 Nh6 18. Nb4 Nf7 19. f4 Bg4 20. Bf3 Bh3
21. Na6+ Kc8 22. Be2 b5 23. g4 Rd8 24. Rd3 bxa4 25. Rxh3 exf4 26. Rxh7 Nfe5 27.
Nc5 Nxc5 28. Rxd8+ Kxd8 29. Rh8+ Kc7 30. Rxa8 Kb7 31. Rd8 axb3 32. axb3 f3 33.
Bf1 Nxg4 34. h3 Ne3 35. b4 Nxf1 36. bxc5 f2 37. Rd7+ Ka6 38. Rd6 Ne3 39. Rxc6+
Kb5 40. Rxf6 f1=Q 41. Rxf1 Nxf1 42. Kb3 Kxc5 43. Ka4 Ne3 44. Ka5 Nxc2 45. Ka6
Kd4 46. Kxa7 Kxe4 0-1

[Event "Open Semana Santa 2023"]
[Site "?"]
[Date "2023.04.07"]
[Round "5.85"]
[White "Bethencourt Hernandez, Alberto"]
[Black "Ontanon Gomez, Pablo"]
[Result "0-1"]
[WhiteElo "1882"]
[BlackElo "2136"]
[PlyCount "124"]

1. e4 c5 2. Nf3 Nc6 3. Bb5 g6 4. O-O Bg7 5. Re1 e5 6. c3 Nge7 7. Na3 O-O 8. Nc2
d6 9. h3 h6 10. a4 a6 11. Bxc6 Nxc6 12. d4 cxd4 13. cxd4 Nxd4 14. Ncxd4 exd4
15. Nxd4 Qb6 16. Nf3 Be6 17. Be3 Qb4 18. Nd4 Bd7 19. Re2 Rfe8 20. f3 d5 21. Nc2
Qc4 22. Na3 Qxa4 23. exd5 Rad8 24. Qd2 Qb3 25. Rae1 Bxb2 26. Qxb2 Rxe3 27. Qxb3
Rxb3 28. Re3 Ba4 29. Nc4 Rb4 30. Nd2 Rxd5 31. Ne4 Kg7 32. Nc3 Rd7 33. Re7 Rxe7
34. Rxe7 Bc6 35. Kf2 a5 36. Re5 a4 37. Ke3 Rb2 38. g3 Rb3 39. Kd4 Bxf3 40. Nxa4
Bc6 41. Nc3 Rb2 42. Re3 Bd7 43. h4 Be6 44. Ne4 b6 45. Ke5 Rb3 46. Re1 Bf5 47.
Nd6 Rxg3 48. Nxf5+ gxf5 49. Kxf5 Rg6 50. Rb1 Rf6+ 51. Ke5 Rc6 52. Rg1+ Kh7 53.
h5 Rc5+ 54. Kf6 Rg5 55. Rb1 b5 56. Rh1 Kg8 57. Rh4 Kf8 58. Rh3 Ke8 59. Rh4 Kd7
60. Kxf7 Kc6 61. Rf4 Rxh5 62. Kg6 Rh2 0-1

[Event "Open Semana Santa 2023"]
[Site "?"]
[Date "2023.04.07"]
[Round "5.86"]
[White "WFM Rodriguez Redondo, Adhara"]
[Black "Rubial Blanco, Heriberto"]
[Result "1-0"]
[WhiteElo "2126"]
[BlackElo "1740"]
[PlyCount "67"]

1. e4 c5 2. Nf3 Nc6 3. d4 cxd4 4. Nxd4 Nf6 5. Nc3 e6 6. Ndb5 Bb4 7. a3 Bxc3+ 8.
Nxc3 d5 9. exd5 exd5 10. Bd3 O-O 11. O-O d4 12. Ne2 Bg4 13. Bg5 Qd6 14. f3 Bh5
15. Qe1 Bg6 16. Rd1 Rfe8 17. Qf2 Rad8 18. Ng3 Bxd3 19. Rxd3 Ne5 20. Rb3 b6 21.
Nf5 Qc6 22. Nxd4 Qc5 23. Bxf6 gxf6 24. c3 a6 25. f4 Nc4 26. Rb4 b5 27. a4 Re4
28. Rd1 Qe7 29. h3 Ne3 30. Rd3 Kf8 31. Kh2 Nd5 32. Nc6 Qc7 33. Rxe4 Qxc6 34.
Red4 1-0